[Event "Antananarivo op"]
[Site "Antananarivo"]
[Date "2015.08.06"]
[Round "2"]
[White "Rambolamalalatiana, Hajaharisoa"]
[Black "Rafenohery, Lova"]
[Result "1/2-1/2"]
[WhiteElo "1743"]
[BlackElo "2001"]
[PlyCount "135"]
[EventDate "2015.08.05"]
[EventType "swiss"]
[EventRounds "9"]
[EventCountry "MAD"]
[SourceTitle "EXT 2016"]
[Source "ChessBase"]
[SourceDate "2015.10.08"]
[SourceVersion "1"]
[SourceVersionDate "2015.10.08"]
[SourceQuality "1"]

1. d4 Nf6 2. c4 e6 3. Nf3 b6 4. g3 Bb7 5. Bg2 Bb4+ 6. Bd2 Be7 7. Nc3 0-0 8. 0-0 c5 9. Rc1 d6 10. Re1 Ne4 11. d5 exd5 12. cxd5 Nxd2 13. Qxd2 Nd7 14. Qf4 a6 15. a4 Qc7 16. Red1 Rae8 17. Rc2 Rb8 18. Qc4 Rfe8 19. e4 Bf6 20. Re2 Qd8 21. Bh3 Bc8 22. Kg2 b5 23. axb5 axb5 24. Qa2 Qb6 25. Ree1 c4 26. Bxd7 Bxd7 27. h3 b4 28. Nb1 Qc5 29. Nbd2 Bb5 30. Rc1 b3 31. Qb1 Qb4 32. g4 g6 33. Red1 Ra8 34. Nf1 Ra2 35. Nd4 Ba6 36. Ng3 Qb6 37. Nge2 Ra5 38. Kf3 Rc5 39. Rc3 Rc7 40. Kg3 Bb5 41. f3 Rce7 42. Qc1 Be5+ 43. Kg2 Bg7 44. Qd2 Re5 45. Ng3 Bf6 46. Qf2 Qb7 47. Qf1 Rc8 48. Qg1 Bd8 49. Qf2 Ba5 50. Rcc1 Rc5 51. Nxb5 Qxb5 52. Ne2 Re8 53. Nc3 Bxc3 54. Rxc3 Ra8 55. Rcc1 Ra2 56. Qe2 Qa6 57. Kg3 Ra4 58. Qe3 Qc8 59. Rd2 Qe8 60. Qf4 Qe7 61. Rcd1 f6 62. Kf2 Kg7 63. h4 h6 64. Qe3 g5 65. h5 Qe5 66. Kg2 Ra8 67. Qd4 Qf4 68. Qf2 1/2-1/2

[Event "Antananarivo op"]
[Site "Antananarivo"]
[Date "2015.08.05"]
[Round "1"]
[White "Rafenohery, Lova"]
[Black "Razafimahefa, Lalaina Vololona"]
[Result "1-0"]
[WhiteElo "2001"]
[BlackElo "1420"]
[PlyCount "91"]
[EventDate "2015.08.05"]
[EventType "swiss"]
[EventRounds "9"]
[EventCountry "MAD"]
[SourceTitle "EXT 2016"]
[Source "ChessBase"]
[SourceDate "2015.10.08"]
[SourceVersion "1"]
[SourceVersionDate "2015.10.08"]
[SourceQuality "1"]

1. e4 d6 2. d4 Nf6 3. Nc3 g6 4. Nf3 Bg7 5. h3 0-0 6. Be3 Nbd7 7. Qd2 e5 8. dxe5 Nxe5 9. Be2 Nxf3+ 10. Bxf3 Be6 11. 0-0 c6 12. Rad1 Ne8 13. Rfe1 Qc7 14. Bd4 b6 15. Ne2 Rd8 16. Qc3 c5 17. Bxg7 Nxg7 18. Nf4 Rfe8 19. Be2 Qc8 20. Bb5 Re7 21. a4 a6 22. Bc4 Qc6 23. Nd5 Bxd5 24. Bxd5 Qxa4 25. Ra1 Qb5 26. Bc4 Qc6 27. Rxa6 Rxe4 28. Bxf7+ Kf8 29. Rxe4 Qxe4 30. Bc4 Qe5 31. Qxe5 dxe5 32. Rxb6 Nf5 33. Rc6 Rd1+ 34. Kh2 Rd2 35. Bd3 Rxf2 36. Bxf5 gxf5 37. Rxc5 Re2 38. Kg3 Ke7 39. Kf3 Kd6 40. Kxe2 Kxc5 41. g4 f4 42. Kd3 Kd6 43. Ke4 Kc5 44. h4 Kd6 45. b4 Ke6 46. b5 1-0

[Event "Gaborone zt 4.3"]
[Site "Gaborone"]
[Date "2011.04.06"]
[Round "6"]
[White "Rafenohery, Lova"]
[Black "Domingos, Ediberto"]
[Result "0-1"]
[WhiteElo "2291"]
[BlackElo "2180"]
[PlyCount "74"]
[EventDate "2011.04.01"]
[EventType "swiss"]
[EventRounds "9"]
[EventCountry "BOT"]
[SourceTitle "EXT 2015"]
[Source "ChessBase"]
[SourceDate "2014.11.20"]
[SourceVersion "1"]
[SourceVersionDate "2014.11.20"]
[SourceQuality "1"]

1. d4 d5 2. c4 c6 3. Nf3 Nf6 4. Nc3 e6 5. Bg5 Nbd7 6. e3 Be7 7. Qc2 0-0 8. a3 dxc4 9. Bxc4 h6 10. Bf4 a6 11. b4 Nd5 12. Bg3 a5 13. Bxd5 axb4 14. Be4 bxc3 15. Qxc3 Nf6 16. Bc2 Nd5 17. Qd3 Qa5+ 18. Nd2 g6 19. 0-0 b6 20. Rfb1 Ba6 21. Nc4 Bxc4 22. Qxc4 b5 23. Qd3 Rfd8 24. h4 h5 25. e4 Nc3 26. Rb3 b4 27. Qe3 c5 28. d5 exd5 29. exd5 Nxd5 30. Qh6 Bf8 31. Qg5 Bg7 32. Rd1 Nf6 33. Rxd8+ Qxd8 34. Qxc5 Rc8 35. Rd3 Qe8 36. Bc7 Rxc7 37. Qxc7 Qe1+ 0-1